|
|
|
|
| LEADER |
00835cam a2200241 7i4500 |
| 001 |
0000098505 |
| 005 |
20140415090000.0 |
| 008 |
120731s2011 gw eng |
| 020 |
# |
0 |
|a 3527313656
|
| 020 |
# |
0 |
|a 9783527313655
|
| 090 |
0 |
0 |
|a QD 878
|b .M62 2011
|
| 245 |
0 |
0 |
|a Molecular switches
|c edited by Ben L. Feringa and Wesley R. Browne.
|
| 250 |
# |
# |
|a 2nd, completely rev. and enl. ed..
|
| 260 |
# |
# |
|a Weinheim:
|b Wiley-VCH,
|c 2011.
|
| 300 |
# |
# |
|a 2 v. (xxxi, 792 p.):
|b ill.;
|c 25 cm..
|
| 504 |
0 |
0 |
|a Includes bibliographical references and index
|
| 590 |
# |
# |
|a Pusat Pengajian Sains Asas
|
| 650 |
0 |
0 |
|a Supramolecular chemistry
|
| 650 |
0 |
0 |
|a Photochemistry
|
| 700 |
1 |
1 |
|a Browne, Wesley R.
|
| 700 |
1 |
1 |
|a Feringa, Ben L.
|
| 999 |
|
|
|a 1100085511
|b Book
|c Open Shelf
|e KOLEKSI TERBUKA
|
| 999 |
|
|
|a 1100085510
|b Book
|c Open Shelf
|e KOLEKSI TERBUKA
|